000 00362nam a2200097Ia 4500
008 180130s9999 xx 000 0 und d
245 _cIslam, Saiful; Modi, Mangat R.; Gupta, Phalguni
_aEdge-based image steganography
260 _c2016
300 _aBook title: Handbook of information security--Acession number C20533; pages 72-85
650 _aINFORMATION SECURITY
999 _c354092
_d354092